La révolution romaine aprés Ronald Syme: bilans et perspectives
Guardat en:
| Format: | Llibre |
|---|---|
| Idioma: | anglès francès alemany |
| Publicat: |
Ginebra
Fondation Hardt
1999
|
| Col·lecció: | Entretiens sur l'Antiquité Classique, 46
|
| Matèries: | |
| Etiquetes: |
Afegir etiqueta
Sense etiquetes, Sigues el primer a etiquetar aquest registre!
|
MARC
| LEADER | 00000cam a2200000 a 4500 | ||
|---|---|---|---|
| 001 | UCG7879 | ||
| 003 | CL-VaPUC | ||
| 008 | 111014e19990000SZ |||||||||||||||||eng|d | ||
| 020 | |a 2600007466 | ||
| 041 | 0 | 7 | |a eng |2 CL-VaPUC |
| 041 | 0 | 7 | |a fre |2 CL-VaPUC |
| 041 | 0 | 7 | |a ger |2 CL-VaPUC |
| 082 | 0 | 4 | |a 937 |b REV |2 21 |
| 245 | 1 | 3 | |a La révolution romaine aprés Ronald Syme: bilans et perspectives |
| 300 | |a 342 p | ||
| 942 | |c BK | ||
| 945 | |d 20111014 00:00:00 |a dcastane | ||
| 260 | |a Ginebra |b Fondation Hardt |c 1999 | ||
| 500 | |a Sept exposés suivis de discussions par Fergus Millar, John Schied, Ségolène Demougin, Michael A. Speidel, Klaus M. Girardet, Tonio Hölscher, Andrew Wallace-Hadrill. Conclusion de Fergus Millar. Entretiens préparés et présides par Adalberto Giovannini. Avec la participation de Philippe Borgeaud et Greg Rowe | ||
| 650 | 0 | |a Historia antigua |9 267521 | |
| 650 | 0 | |a Civilización romana |9 438909 | |
| 650 | 7 | |a ROMANOS |2 CL-VaPUC |9 389417 | |
| 650 | 0 | |a Imperio Romano |9 322785 | |
| 651 | 0 | |a Roma |9 255106 | |
| 583 | |a last modification |c 20111014 14:55:00 |k Rodrigo Vera | ||
| 490 | 0 | |a Entretiens sur l'Antiquité Classique, 46 | |
| 999 | |c 345568 |d 345566 | ||
| 952 | |0 0 |1 0 |4 0 |6 937_000000000000000_REV_1999 |7 0 |8 X |9 444474 |a BIBHIS |b BIBHIS |d 2019-11-22 |i 4790804 |o 937 REV 1999 |p 4790804 |r 2024-01-30 |w 2019-11-22 |y BK_X |k HIS | ||